000 01017nam a2200301 4500
003 EC-UNACH
005 20251106132624.0
006 s||||gr|||| 00| 00
008 150116t9999 mx r gr 000 0 spa d
020 _a9978-67-027-0
040 _aEC-UNACH
_cEC-UNACH
041 _aspa
082 0 4 _223
_a658.8
_bL017959
110 _aFlacso
245 _aElites, mercado y cuestión regional en Bolivia (Cochabamba)
250 _aPrimera edición
264 _aEcuador
_bFlacso
_c1994
300 _a181
505 _a- Capitulo 1- Caminos analíticos del mercado interior.--Capitulo 2- Economía y política.-- Capitulo 3- Primer liberalismo y crisis regional.--Capitulo 4- Buscando el centro.--Capitulo 5- Del mercado al Estado
650 _aMERCADO DE CAPITALES
650 _aPOLITICA INTERNACIONAL
650 _aECONOMIA
700 _aGustavo Rodríguez Ostria
942 _2ddc
_c1
999 _c14151